000 01016nam a22002057a 4500
005 20210325191805.0
008 s2539 th tha d
041 _atha
090 _aว HJ2162.55 ป285ก 2539
100 0 _aประเทือง คำประกอบ
245 1 0 _aการวิเคราะห์วิธีการจัดทำและการใช้จ่ายเงินงบประมาณรายจ่ายประจำปี พ.ศ. ....
260 3 _aกรุงเทพฯ :
_bสถาบันพระปกเกล้า,
_c2539
300 _a1 เล่ม :
_b ตาราง ;
_c 28 ซม.
650 0 4 _aงบประมาณ -- ไทย -- วิจัย
650 0 4 _aงบประมาณรายจ่ายประจำปี (พ.ร.บ.) -- วิจัย
850 _aNALT
942 _cRSH
_01
997 _c000000000029556
_kVC
998 _aนางสาวสายฝน ดีงาม
999 _c29556
_d29556